| 000 | 00626nam a2200229Ia 4500 | ||
|---|---|---|---|
| 003 | OSt | ||
| 005 | 20220928140442.0 | ||
| 006 | a|||||r|||| 00| 0 | ||
| 007 | ta | ||
| 008 | 220927b |||||||| |||| 00| 0 eng d | ||
| 024 | _a8414 | ||
| 037 | _cTextual | ||
| 040 |
_aSDCL _cSDCL _beng |
||
| 041 |
_2eng _aeng |
||
| 082 | _aX:75-89K, M2 | ||
| 100 |
_aHealey Patsy Ed. _9495194 |
||
| 245 | 0 |
_aPlanning theory _b Prospects for the 1980s. |
|
| 260 | _c1982 | ||
| 700 |
_a McDougall Glen Ed. _9495195 |
||
| 942 |
_hX:75-89K, M2 _cTEXL _2CC |
||
| 999 |
_c811341 _d811341 |
||